Visualizzazione normale
Vista MARC
- Centonze Michele
di Personal Name
Records bibliografici associati: 1
001 - CONTROL NUMBER
- control field: 29733
003 - CONTROL NUMBER IDENTIFIER
- control field: IT-RoPau
005 - DATE AND TIME OF LATEST TRANSACTION
- control field: 20140615094953.0
008 - FIXED-LENGTH DATA ELEMENTS
- fixed length control field: 140615|| aca||aabn | a|a d
040 ## - CATALOGING SOURCE
- Original cataloging agency: IT-RoPau
- Transcribing agency: IT-RoPau
100 ## - HEADING--PERSONAL NAME
- Personal name: Centonze Michele
- Relator term: Autore
- Miscellaneous information: Codice autore SPICS: 26350
670 ## - SOURCE DATA FOUND
- Source citation: Work cat.: (IT-RoPau)101354: Jovannotti 25657, Lorenzo 1994